A guide to raising chickens : care, feeding, facilities /

Bibliographic Details
Main Author: Damerow, Gail
Format: Book
Language:English
Published: Pownal, Vt. : Storey Communications, [1995]
Series:Storey animal handbook.
Subjects:

MARC

Tag First Indicator Second Indicator Subfields
LEADER 00000cam a2200000 a 4500
001 in00001405032
005 20151020064123.0
008 950428s1995 vtua b 001 0 eng
010 |a  95018318  
015 |a GB96-49943 
020 |a 0882668978 (pbk.) 
035 |a (OCoLC)32510578 
035 |9 AHP4554AM 
040 |a DLC  |c DLC  |d JBO  |d AGL  |d UKM  |d UtOrBLW 
049 |a TXAM 
050 0 0 |a SF487  |b .D185 1995 
070 0 |a SF487.D185  |b 1995 
072 0 |a L200 
082 0 0 |a 636.5  |2 20 
100 1 |a Damerow, Gail. 
245 1 2 |a A guide to raising chickens :  |b care, feeding, facilities /  |c Gail Damerow. 
264 1 |a Pownal, Vt. :  |b Storey Communications,  |c [1995] 
264 4 |c ©1995 
300 |a viii, 341 pages :  |b illustrations ;  |c 23 cm. 
336 |a text  |b txt  |2 rdacontent 
337 |a unmediated  |b n  |2 rdamedia 
338 |a volume  |b nc  |2 rdacarrier 
490 1 |a A Storey animal handbook 
500 |a "A Storey Publishing book." 
504 |a Includes bibliographical references (pages 322-324) and index. 
650 0 |a Chickens. 
830 0 |a Storey animal handbook. 
948 |a C:BLWBLW  |d 20030615 
999 |a MARS 
999 f f |s 028c11b4-c7bb-3f62-a5ea-f859d51578ad  |i ea53f8a3-5b9b-343d-8cc4-1186ba0f7ddf  |t 0 
952 f f |p ric  |a Texas A&M University  |b Rellis Campus  |c Joint Library Facility  |d Remote Storage  |t 0  |e SF487 .D185 1995  |h Library of Congress classification  |i unmediated -- volume  |m A14822550939 
998 f f |a SF487 .D185 1995  |t 0  |l Remote Storage